| 000 | 00715nam a22001577a 4500 | ||
|---|---|---|---|
| 008 | 140902b xxu||||| |||| 00| 0 eng d | ||
| 020 | _a0406093083 | ||
| 050 | _aKD277.7.L39(1917 vol.1) | ||
| 245 |
_aThe Law Reports (1917 vol.1) Kings bench division: of the incorporated Council of law reporting Kings Bench Division and on appeal therefrom in the Court of Appeal, decisions in the Court of criminal appeal and decisions of the Railway and Canal Commission. / _cedited by Frederick Pollock |
||
| 260 |
_aLondon: _bButterworth and Co. Ltd., _c1917. |
||
| 300 |
_axv, 948p.: _c24cm |
||
| 440 |
_pKings Bench Division, 1917 _vvol I |
||
| 700 | _aPollock, Frederick | ||
| 800 | _aPollock, Frederick | ||
| 942 |
_2lcc _cBK |
||
| 999 |
_c3982 _d11482 |
||